Orthographe piègeuse_Mort Subite - Statistiques

Statistiques générales
  • Ce quiz a été pris 250 fois
  • Le résultat moyen est 5 sur 14
Answers on the Grid
Answers color-coded by a green-red scale on the quiz's grid according to % correct below.
Aterrissage
Carrousel
Diarhée
Dilemne
Humoristique
Plain-pied
Coccyx
Paralelle
Méditerranée
Magasine
En l'ocurrence
Cauchemar
Vinyle
Presbytie
Hippopotame
Ornithorinque
omnibulé
Susurrer
disonnance
Serurrerie
Caoutchouc
Cuillère
caraffe
Excacerber
Yacht
Serain
Chrysanthème
 
Statistiques - réponses
Réponse % Correct
Coccyx
51%
Humoristique
48%
Yacht
46%
Carrousel
44%
Cuillère
43%
Cauchemar
41%
Méditerranée
40%
Vinyle
36%
Caoutchouc
31%
Chrysanthème
31%
Hippopotame
31%
Plain-pied
20%
Presbytie
19%
Susurrer
14%
Aucun quiz correspondant
Distribution des résultats
% des personnes avec chaque résultat
Percentile par nombre de réponses
Votre historique - résultats
Vous n’avez pas pris ce quiz